[Event "GER-chT U16"]
[Site "Bingen"]
[Date "2008.12.29"]
[Round "5.4"]
[White "Barth, Stefan"]
[Black "Bartholdus, Daniela"]
[Result "1-0"]
[WhiteElo "1532"]
[BlackElo "1298"]
[PlyCount "91"]
[EventDate "2008.12.27"]
[EventType "team-swiss"]
[EventRounds "7"]
[EventCountry "GER"]
[SourceTitle "EXT 2010"]
[Source "ChessBase"]
[SourceDate "2010.11.25"]
[SourceVersion "1"]
[SourceVersionDate "2010.11.25"]
[SourceQuality "1"]
[WhiteTeam "Graefelfing SK U16"]
[BlackTeam "Paderborn Schachfreunde 2000 U16"]
[WhiteTeamCountry "GER"]
[BlackTeamCountry "GER"]

1. d4 Nf6 2. c4 g6 3. Nc3 Bg7 4. e4 d6 5. Be3 0-0 6. f3 Nbd7 7. Bd3 e5 8. d5 c6 9. Nge2 Ne8 10. Qd2 cxd5 11. Nxd5 Nb6 12. Nxb6 axb6 13. 0-0 f5 14. exf5 Bxf5 15. Bxf5 Rxf5 16. Ng3 Rf7 17. Ne4 Qc7 18. Qb4 Ra6 19. Rfd1 Rd7 20. a3 Bf8 21. Rd5 Kg7 22. Rad1 Nf6 23. Nxf6 Kxf6 24. Qc3 h6 25. f4 Bg7 26. fxe5+ Ke6 27. Qd3 Bxe5 28. Qxg6+ Ke7 29. Qe4 Ra4 30. b4 Rxa3 31. Bf4 Rc3 32. Bxe5 Qxc4 33. Bxd6+ Kd8 34. Be7+ Kc8 35. Qxc4+ Rxc4 36. Rxd7 Kb8 37. Rd8+ Ka7 38. R1d7 Ka6 39. Rd6 Ka7 40. Rd4 Rc1+ 41. Kf2 b5 42. R8d7 Kb8 43. Rd8+ Kc7 44. Bd6+ Kc6 45. Rc8+ Kd7 46. Rxc1 1-0

[Event "GER-chT U16"]
[Site "Bingen"]
[Date "2008.12.27"]
[Round "1.3"]
[White "Barth, Stefan"]
[Black "Riexinger, Martin"]
[Result "1/2-1/2"]
[WhiteElo "1532"]
[BlackElo "1792"]
[PlyCount "61"]
[EventDate "2008.12.27"]
[EventType "team-swiss"]
[EventRounds "7"]
[EventCountry "GER"]
[SourceTitle "EXT 2010"]
[Source "ChessBase"]
[SourceDate "2010.11.25"]
[SourceVersion "1"]
[SourceVersionDate "2010.11.25"]
[SourceQuality "1"]
[WhiteTeam "Graefelfing SK U16"]
[BlackTeam "Postbauer Heng U16"]
[WhiteTeamCountry "GER"]
[BlackTeamCountry "GER"]

1. d4 Nf6 2. c4 g6 3. Nc3 Bg7 4. e4 d6 5. Be3 c6 6. f3 Na6 7. Bd3 0-0 8. Nge2 b6 9. 0-0 c5 10. Qd2 Bd7 11. Bh6 Qc8 12. Bxg7 Kxg7 13. d5 Nc7 14. f4 a6 15. b3 b5 16. Ng3 Qb7 17. e5 Nfe8 18. exd6 exd6 19. f5 Nf6 20. fxg6 fxg6 21. Qg5 Nce8 22. Nce4 Bg4 23. h3 h6 24. Qe3 Bc8 25. Nxf6 Nxf6 26. Ne4 Qe7 27. Rae1 Ra7 28. Nxf6 Qxe3+ 29. Rxe3 Rxf6 30. Ref3 Rxf3 31. Rxf3 1/2-1/2